| 000 | 00422cam a2200169ua 4500 | ||
|---|---|---|---|
| 020 | _c12.00 | ||
| 041 |
_aeng _h |
||
| 082 |
_a519.5 _bKUR/BA |
||
| 100 | _aKurtz, Thomas E . | ||
| 245 |
_aBasic statistics / _cThomas E Kurtz. _hTextual Documents |
||
| 260 |
_aNew Delhi : _bPrentice Hall of India Pvt Ltd. , _c1964. |
||
| 300 | _a327 ; . | ||
| 365 | _a12.00 | ||
| 504 | _a | ||
| 942 | _cBK | ||
| 999 |
_c9987 _d9987 |
||